000
00300nam a22001457a 4500
008
210519b ||||| |||| 00| 0 eng d
020
_a
9781439138175
041
_a
eng
080
_a
82
082
_a
82
100
_a
21
101
_a
GJL
245
_a
Last Lion
_c
Canellos,P.S
942
_2
udc
_c
BK
999
_c
57487
_d
57487